Fr. Conceicao Rodrigues College of Engineering

Technical Drawing for Automative Engg (Record no. 35442)

MARC details
000 -LEADER
fixed length control field 00344nam a2200145Ia 4500
100 ## - MAIN ENTRY--PERSONAL NAME
Personal name LUTJEN/ D/ Ross. J.
245 ## - TITLE STATEMENT
Title Technical Drawing for Automative Engg
260 ## - PUBLICATION, DISTRIBUTION, ETC.
Name of publisher, distributor, etc. Deutsehe Gesellschaff
Place of publication, distribution, etc. Germany
Date of publication, distribution, etc. 1985
300 ## - PHYSICAL DESCRIPTION
Extent 60
490 ## - SERIES STATEMENT
Volume/sequential designation 2
546 ## - LANGUAGE NOTE
Language note ENGLISH
654 ## - SUBJECT ADDED ENTRY--FACETED TOPICAL TERMS
Focus term Drawing for automative engg
942 ## - ADDED ENTRY ELEMENTS (KOHA)
Koha item type BOOK
Holdings
Withdrawn status Lost status Damaged status Not for loan Collection Home library Current library Date acquired Total Checkouts Full call number Barcode Date last seen Price effective from Koha item type
        ITI Fr. Agnel's C.Rodrigues College of Engineering Fr. Agnel's C.Rodrigues College of Engineering 17/03/2023   ITI80 17/03/2023 17/03/2023 BOOK